000
00295nam a22001337a 4500
008
170612b xxu||||| |||| 00| 0 eng d
020
_a
b004l2knak
041
_a
eng
080
_a
94(7/8)
100
_a
19
101
_a
SHH
245
_a
MAKING THE AMERICAN SELF
_c
EDWARDS, J
942
_2
udc
_c
BK
999
_c
17014
_d
17014